Ważne daty w historii Polski - Statystyki

Ogólne statystyki
  • Ten quiz został rozwiązany 263 razy
  • Średni wynik to 13 z 21
Statystyki odpowiedzi
Podpowiedź Odpowiedź (Rok) % Poprawnych
Chrzest Mieszka I 966
99%
Bitwa pod Grunwaldem 1410
84%
Wybuch II Wojny Światowej 1939
80%
Odzyskanie niepodległości przez Polskę 1918
79%
Powstanie Warszawskie 1944
76%
III rozbiór Polski 1795
75%
II rozbiór Polski 1793
73%
Obrady okrągłego stołu - Koniec komunizmu 1989
72%
Ustanowienie stanu wojennego w Polsce 1981
71%
Uchwalenie Konstytucji 3 maja 1791
70%
Powstanie w gettcie Warszawskim 1943
68%
Powstanie Polskiego Państwa Podziemnego 1940
66%
Wybuch powstania listopadowego 1830
65%
Wybuch powstania styczniowego 1863
60%
"Cud nad Wisłą" 1921
54%
Traktat Ryski 1921
54%
Powstanie NSZZ "Solidarność" 1980
52%
Koronacja Kazimierza Wielkiego 1333
41%
I rozbiór Polski 1792
40%
Unia Polsko-Litewska 1385
39%
Rozpoczęcie wojny pruskiej 1519
5%
Nie znaleziono quizów pasujących do podanych kryteriów
Rozkład punktacji
Procent ludzi z każdym wynikiem
Percentyl według liczby udzielonych odpowiedzi
Twoja historia wyników
Nie rozwiązałeś tego quizu